LIBRARY & INFORMATION CENTRE, KCAET, TAVANUR

ONLINE PUBLIC ACCESS CATALOGUE (OPAC)

Statistical methods in hydrology / (Record no. 10802)

MARC details
000 -LEADER
fixed length control field 00465cam a2200169ua 4500
020 ## - INTERNATIONAL STANDARD BOOK NUMBER
ISBN 81-85938-27-X
041 ## - LANGUAGE CODE
Language code of text/sound track or separate title eng
082 ## - DEWEY DECIMAL CLASSIFICATION NUMBER
Classification number 551.48072
Item number HAA/ST
100 ## - MAIN ENTRY--AUTHOR NAME
Personal name Haan, Charles T .
245 ## - TITLE STATEMENT
Title Statistical methods in hydrology /
260 ## - PUBLICATION, DISTRIBUTION, ETC. (IMPRINT)
Place of publication New Delhi :
Name of publisher Affiliated East West Press Pvt Ltd ,
Year of publication 1994.
300 ## - PHYSICAL DESCRIPTION
Number of Pages 378 ; .
942 ## - ADDED ENTRY ELEMENTS (KOHA)
Koha item type Books
Holdings
Withdrawn status Lost status Damaged status Home library Current library Date acquired Full call number Accession Number Koha item type
      KAUAET KAUAET 07/04/2012 551.48072 HAA/ST 19516 Books
free website counter